LEADER 00859cam0 2200265 450 001 E600200039055 005 20260119151557.0 100 $a20080731d1953 |||||ita|0103 ba 101 $afre 102 $aFR 200 1 $aMalraux$fGaëtan Picon 210 $aParis$cEditions du Seuil$d1953 215 $a190 p.$cill.$d18 cm 225 2 $aÉcrivains de toujours 410 1$1001LAEC00020619$12001 $a*Écrivains de toujours 700 1$aPicon$b, Gaëtan$3AF00022354$4070$0385964 801 0$aIT$bUNISOB$c20260119$gRICA 850 $aUNISOB 852 $aUNISOB$j840|Coll|8|K$m69032 912 $aE600200039055 940 $aM 102 Monografia moderna SBN 941 $aM 957 $a840|Coll|8|K$b000036$gSi$d69032$racquisto$1pregresso1$2UNISOB$3UNISOB$420080731072405.0$520260119151557.0$6bethb$fristampa 1988 996 $aMalraux$91685826 997 $aUNISOB